=LDR 00000nam 2200000 4500 =001 INLIS000000000036542 =005 20130612142325 =008 ***********************************Ind** =035 ##$$0010-061300000036542 =041 ##$$a Ind =082 ##$$a 940.57 =090 ##$$a 940.57, Smi p =100 ##$$a Smith, Carl =245 ##$$a Pasukan payung Amerika Serikat 1941-1945, Carl Smith, Mike Chappel ; penerjemah, Alvin Saputra Komala =260 ##$$a 2011 $b Jakarta6bGramedia =300 ##$$a v, 90 hlm, ilus, 21 cm =650 ##$$a perang Dunia, 1935-1945 =850 ##$$a NBPNMAT =990 ##$$a 2090101132/BPAP-NTB/2015